000 01015nam a22003017a 4500
003 CHAP
005 20220329140702.0
008 971013s1980 r 00010 d
010 _a56038
011 _a57010
035 _a61163
040 _cCHAP
082 _a633.1
_bS4
100 0 0 _aShejbal, J.
_eed.
_9105590
245 _aControlled atmosphere storage of grains
_b: an international symposium...
260 _aAmsterdam :
_bElsevier,
_c1980
300 _a608 p.
_b: ilus. ; gráfs.
490 _aDevelopments in Agricultural Engineering
_v; 1
590 _aBATCH-UPD
_b10
_c20130110
_lUCH01
_h0520
590 _aBATCH-UPD
_b10
_c20130110
_lUCH01
_h2326
590 _aCONVERSION
_b10
_c20130109
_lUCH01
_h1330
650 1 4 _aCereales
_xAlmacenamiento.
_921373
650 1 4 _aCereales
_xAlmacenamiento
_xPlagas.
_921378
830 0 _aDevelopments in Agricultural Engineering
_v; 1
_932271
901 _aBK
942 _cLIBRO
949 _a633.1 S4
_bBC
_cLIBRO
_d33724000190450
_eLIBRO
_gI.136157
_h70689
_i61163
_si
_t95.32
999 _c56038
_d56038